Investície prevýšili zisk
Investície spoločnosti Tesco Stores SR do nových prevádzok. Vstup spoločnosti Tesco na slovenský trh v roku 1996. Preinvestovanie 1,2 mld. eur. Dvanásťpercentný medziročný rast tržieb. Programy, ktoré chránia životné prostredie. Predaj slovenských výrobkov. Prípravy pre spustenie internetového preda...
Gespeichert in:
| 1. Verfasser: | |
|---|---|
| Format: | Buchkapitel |
| Sprache: | Slowakisch |
| Schlagworte: | |
| Tags: |
Keine Tags, Fügen Sie das erste Tag hinzu!
|
MARC
| LEADER | 00000naa a2200000 4500 | ||
|---|---|---|---|
| 001 | 0151991 | ||
| 005 | 20231109070452.9 | ||
| 041 | 0 | |a slo | |
| 044 | |a SK | ||
| 245 | 1 | 0 | |a Investície prevýšili zisk |c Andrea Hinková |
| 520 | |a Investície spoločnosti Tesco Stores SR do nových prevádzok. Vstup spoločnosti Tesco na slovenský trh v roku 1996. Preinvestovanie 1,2 mld. eur. Dvanásťpercentný medziročný rast tržieb. Programy, ktoré chránia životné prostredie. Predaj slovenských výrobkov. Prípravy pre spustenie internetového predaja. | ||
| 610 | 2 | 0 | |a maloobchod |
| 610 | 2 | 0 | |a reťazce obchodné |
| 610 | 2 | 0 | |a hypermarkety |
| 610 | 2 | 0 | |a predajne |
| 610 | 2 | 0 | |a investície |
| 610 | 2 | 0 | |a miesta pracovné |
| 610 | 2 | 0 | |a ochrana prostredia životného |
| 610 | 2 | 0 | |a obchod elektronický |
| 100 | 1 | |a Hinková, Andrea | |